000 00777nam a22002417a 4500
999 _c14919
_d14919
003 MIRAKIL
005 20220518125839.0
008 220518b tu ||||| |||| 00| 0 tur d
020 _a9786050207262
040 _aTR-AnCHP
_cTR-AnCHP
041 _atur
082 _a142.78
_bS26v 2020
100 1 _aSartre, Jean Paul
245 1 0 _a Varoluşçuluk/
_cJean-Paul Sartre ; çev. ve yay. haz. Asım Bezirci.
260 _aİstanbul :
_bSay Yayınları,
_c2020.
300 _a126 s.:
_c21 sm.
490 0 _aSay Yayınları;
_aDüşünce
504 _aKaynakça vardır.
650 0 _934
_aFelsefe
_xVaroluşçuluk
700 _97094
_aBezirci, Asım
_eçev.
856 _zDijital Nüshası için Partimizin Kütüphane Sorumlusu ile iletişime geçiniz.
942 _2ddc
_cBKS